Statistiques concernant L'Alphabet + les chiffres en 15 secondes ?

Cliquez ici pour prendre le quiz!

Statistiques générales

  • Ce quiz a été pris 1,319 fois
  • Le résultat moyen est 26 sur 38

Statistiques - réponses

Ce que vous devez taper Ce que vous avez tapé % Correct
AA
96%
EE
93%
DD
89%
CC
88%
BB
87%
FF
87%
GG
86%
II
85%
HH
84%
JJ
82%
KK
80%
OO
80%
LL
79%
RR
79%
MM
78%
PP
78%
NN
76%
QQ
75%
TT
74%
UU
71%
SS
70%
ZZ
67%
VV
65%
WW
64%
YY
64%
11
61%
XX
61%
22
59%
33
58%
44
56%
55
56%
66
55%
77
53%
88
52%
99
50%
00
39%
Pays dans lequel tu visFrance
22%
La capitale de ce paysParis
16%

Distribution des résultats

Percentile par nombre de réponses

% des personnes avec chaque résultat

Votre développement - résultats

Vous n’avez pas pris ce quiz